000 00501nmm a2200169Ia 4500
008 251105s9999||||xx |||||||||||||||||und||
020 _a9562828379
041 _aspa
100 _aOtano, Rafael
245 0 _aNueva crónica de la transición
264 _a[Santiago de Chile, Chile] :
_bLOM Ediciones,
_c2006
300 _a532 páginas
490 _aCiencias Sociales y Humanas
650 _aPolitical Science (General)
856 _uhttps://public.digitaliapublishing.com/a/13067
942 _cCF
999 _c74364
_d74364